| 000 | 00547nam a2200169 4500 | ||
|---|---|---|---|
| 001 | 121798 | ||
| 003 | ES-MaACL | ||
| 005 | 20230906191828.0 | ||
| 007 | t| | ||
| 008 | 070214s1963 sp r ||||1| spa d | ||
| 100 | 1 |
_aPortsmouth, J. I. _993295 |
|
| 245 | 1 | 0 |
_aProducción comercial de conejos para carne / _cJ. I. Portsmouth ; traducción de Jaime Esain Escobar. |
| 260 |
_aZaragoza : _bAcribia, _c1963. |
||
| 300 |
_aVIII, 207 p., 6 lám. : _bil. ; _c20 cm. |
||
| 700 | 0 |
_aEsaín Escobar, Jaime. _947449 |
|
| 852 |
_aES-MaACL _jC-23206 _bR.51760 |
||
| 999 |
_c121798 _d121798 |
||